[Event "LSS WC-2011-S-00011"]
[Site "LSS email"]
[Date "2008.10.23"]
[Round "?"]
[White "Boychuk, Taras"]
[Black "Zebre, Peter"]
[Result "0-1"]
[WhiteElo "2280"]
[BlackElo "2348"]
[PlyCount "92"]
[EventDate "2008.10.23"]
[EventType "tourn (corr)"]
[EventRounds "10"]
[EventCountry "GER"]
[SourceTitle "Corr 2011"]
[Source "ChessBase"]
[SourceDate "2010.08.31"]
[SourceVersion "1"]
[SourceVersionDate "2010.08.31"]
[SourceQuality "1"]

1. d4 d5 2. c4 c6 3. Nf3 Nf6 4. Nc3 a6 5. c5 Nbd7 6. Bf4 Nh5 7. Bd2 Nhf6 8. Bf4 Nh5 9. Be3 g6 10. h3 Bg7 11. g4 Nhf6 12. Bg2 h5 13. g5 Nh7 14. Qd2 0-0 15. Bf4 e5 16. Nxe5 Nxe5 17. dxe5 Bf5 18. 0-0-0 Re8 19. a3 Nf8 20. e4 dxe4 21. Qe3 Qc7 22. e6 Qe7 23. exf7+ Qxf7 24. Bd6 Nd7 25. Rhe1 Ne5 26. Bxe5 Bxe5 27. Rd2 Qc7 28. Ne2 Rad8 29. Rxd8 Qxd8 30. h4 Qd5 31. Nc3 Qb3 32. Rd1 Bg4 33. Rd4 Bxd4 34. Qxd4 Qf7 35. Nxe4 Qf4+ 36. Qe3 Qxe3+ 37. fxe3 Re5 38. Kd2 Rf5 39. Kd3 Kf8 40. Nd6 Rxc5 41. b4 Bf5+ 42. Nxf5 Rxf5 43. Be4 Rf2 44. Bxg6 Rh2 45. Bxh5 Rxh4 46. Bf3 a5 0-1

[Event "LSS WC-2011-S-00011"]
[Site "LSS email"]
[Date "2008.10.23"]
[Round "?"]
[White "Zebre, Peter"]
[Black "Schuster, Peter"]
[Result "1/2-1/2"]
[WhiteElo "2330"]
[BlackElo "2407"]
[PlyCount "75"]
[EventDate "2008.10.23"]
[EventType "tourn (corr)"]
[EventRounds "10"]
[EventCountry "GER"]
[SourceTitle "Corr 2011"]
[Source "ChessBase"]
[SourceDate "2010.08.31"]
[SourceVersion "1"]
[SourceVersionDate "2010.08.31"]
[SourceQuality "1"]

1. d4 g6 2. c4 Bg7 3. Nc3 d6 4. e4 e5 5. Nge2 Nf6 6. d5 a5 7. Ng3 h5 8. Be2 Na6 9. h3 Nd7 10. Be3 h4 11. Nf1 f5 12. Nh2 Ndc5 13. 0-0 Bf6 14. f3 0-0 15. Qd2 Bd7 16. Rae1 Qe7 17. Bd1 a4 18. Bc2 f4 19. Bf2 Nb4 20. Ra1 Kg7 21. Rfc1 Bg5 22. Nb5 Nxc2 23. Qxc2 Rfc8 24. Bxc5 dxc5 25. Ng4 Bxg4 26. hxg4 Qd7 27. Rd1 Be7 28. Rd3 Rh8 29. Kh2 Ra6 30. Rh1 Rd8 31. Qc3 Bd6 32. Kg1 g5 33. Kf2 Rb6 34. Qa5 Ra6 35. Qd2 Qe7 36. Ke2 Kf8 37. Kd1 Ke8 38. Kc1 1/2-1/2